000 00324nam a2200157Ia 4500
100 _aKhurmi/R.S
250 _a18
942 _cBK
654 _aMaterials
245 _aStrength of Materials
260 _bS. Chand & co.
_aNew Delhi
_c1987
082 _a620.112
_bKHU
300 _a991
546 _aENGLISH
999 _c18213
_d18213